000
00286nam a2200109Ia 4500
008
221009s9999 xx 000 0 und d
082
_a
294.59
100
_a
Shastri, J L
_9
81319
245
0
_a
Ancient Indian Tradition & Mythology
260
_b
Motilal Banarsidass Publishers
942
_c
BK
999
_c
64803
_d
64803